El lecturón : (Registro nro. 364)
[ vista simple ]
| 000 -LEADER | |
|---|---|
| fixed length control field | 00802nam a22001937a 4500 |
| 003 - CONTROL NUMBER IDENTIFIER | |
| control field | OSt |
| 005 - DATE AND TIME OF LATEST TRANSACTION | |
| control field | 20241024122816.0 |
| 008 - FIXED-LENGTH DATA ELEMENTS--GENERAL INFORMATION | |
| fixed length control field | 241024s2018 ag ||||| |||| 00| 0 spa d |
| 020 ## - INTERNATIONAL STANDARD BOOK NUMBER | |
| International Standard Book Number | 9789875040601 |
| 040 ## - CATALOGING SOURCE | |
| Transcribing agency | besoc |
| 100 1# - MAIN ENTRY--PERSONAL NAME | |
| Personal name | Alvarado, Maite, |
| Dates associated with a name | 1952-2002, |
| Relator term | autor |
| 245 13 - TITLE STATEMENT | |
| Title | El lecturón : |
| Remainder of title | Gimnasia para despabilar lectores / |
| Statement of responsibility, etc. | Maite Alvarado ; ilustración de tapa de Bianki ; ilustración de interior de Martín Mosquera |
| 260 ## - PUBLICATION, DISTRIBUTION, ETC. | |
| Place of publication, distribution, etc. | Buenos Aires : |
| Name of publisher, distributor, etc. | El Hacedor, |
| -- | Quipu, |
| Date of publication, distribution, etc. | 2018 |
| 300 ## - PHYSICAL DESCRIPTION | |
| Extent | 140 p. |
| 505 0# - FORMATTED CONTENTS NOTE | |
| Formatted contents note | A ver, a ver -- Gemelas y advertencias -- Sapo de otro pozo -- Los reducidores de cabezas -- A los tumbos -- Ayuda-memoria -- El que busca encuentra -- Soluciones. |
| 650 #4 - SUBJECT ADDED ENTRY--TOPICAL TERM | |
| Topical term or geographic name entry element | Educación |
| General subdivision | Lectura |
| -- | Ejercicios |
| 700 1# - ADDED ENTRY--PERSONAL NAME | |
| Personal name | Mosquera, Martín, |
| Relator term | ilustrador |
| 942 ## - ADDED ENTRY ELEMENTS (KOHA) | |
| Source of classification or shelving scheme | Universal Decimal Classification |
| Koha item type | Libro de préstamo a domicilio |
| Suppress in OPAC | No |
| Withdrawn status | Lost status | Source of classification or shelving scheme | Damaged status | Not for loan | Collection | Home library | Current library | Date acquired | Total checkouts | Full call number | Barcode | Date last seen | Price effective from | Koha item type |
|---|---|---|---|---|---|---|---|---|---|---|---|---|---|---|
| Universal Decimal Classification | Colección General | Biblioteca Escuela de Ciencias Sociales | Biblioteca Escuela de Ciencias Sociales | 24/10/2024 | 028.5 AL472 | 001270 | 24/10/2024 | 24/10/2024 | Libro de préstamo a domicilio |